Научно-методическое обеспечение подготовки спортивного резерва (Запись № 12151443)
[ простой вид ]
| 000 -МАРКЕР | |
|---|---|
| контрольное поле | 02039nam0a2200337 4500 |
| 001 - ИДЕНТИФИКАТОР ЗАПИСИ | |
| контрольное поле | RU\NLR\BIBL_A\011860694 |
| 005 - ИДЕНТИФИКАТОР ВЕРСИИ | |
| контрольное поле | 20190311104905.0 |
| 010 ## - МЕЖДУНАРОДНЫЙ СТАНДАРТНЫЙ НОМЕР КНИГИ (ISBN) | |
| Номер (ISBN) | 978-5-905395-43-7 |
| Тираж | 1500 |
| 021 ## - НОМЕР ГОСУДАРСТВЕННОЙ РЕГИСТРАЦИИ | |
| Код страны | Российская Федерация |
| Номер | КН-П-18-078781 |
| Номер Листа государственной регистраци | КН-П-18-5699 |
| 035 ## - ДРУГИЕ СИСТЕМНЫЕ НОМЕРА | |
| Идентификатор записи | (NLR Aleph) 011860694 |
| 035 ## - ДРУГИЕ СИСТЕМНЫЕ НОМЕРА | |
| Идентификатор записи | (RuMoRGB)009778162 |
| 100 ## - ДАННЫЕ ОБЩЕЙ ОБРАБОТКИ | |
| Данные общей обработки | 20181112d2016 u y0rusy50 ca |
| 101 0# - ЯЗЫК РЕСУРСА | |
| Язык текста, звукозаписи и т.д. | русский |
| 102 ## - СТРАНА ПУБЛИКАЦИИ ИЛИ ПРОИЗВОДСТВА | |
| Страна публикации | Российская Федерация |
| 105 ## - ПОЛЕ КОДИРОВАННЫХ ДАННЫХ: ТЕКСТОВЫЕ МАТЕРИАЛЫ, МОНОГРАФИЧЕСКИЕ | |
| Кодированные данные о монографическом текстовом документе | a|||zzzz000zy |
| 200 1# - ЗАГЛАВИЕ И СВЕДЕНИЯ ОБ ОТВЕТСТВЕННОСТИ | |
| Основное заглавие | Научно-методическое обеспечение подготовки спортивного резерва |
| Сведения, относящиеся к заглавию | методическое пособие |
| Первые сведения об ответственности | Н. Н. Чесноков, А. П. Морозов |
| Последующие сведения об ответственности | Министерство Российской Федерации, Федеральное государственное бюджетное учреждение "Федеральный центр подготовки спортивного резерва" |
| 210 ## - ПУБЛИКАЦИЯ, РАСПРОСТРАНЕНИЕ И ДР. | |
| Место издания, распространения и т.д. | Москва |
| Имя издателя, распространителя и т. д. | ФГБУ "Федеральный центр подготовки спортивного резерва" |
| Дата издания, распространения и т.д. | 2016 |
| 215 ## - ФИЗИЧЕСКАЯ ХАРАКТЕРИСТИКА | |
| Специфическое обозначение материала и объем | 135, [1] с. |
| Другие сведения о физической характеристике | ил. |
| Размеры | 20 |
| 300 ## - ОБЩИЕ ПРИМЕЧАНИЯ | |
| Текст примечания | На обл. авт. не указаны |
| 320 ## - ПРИМЕЧАНИЯ О НАЛИЧИИ В ДОКУМЕНТЕ БИБЛИОГРАФИИ / УКАЗАТЕЛЯ | |
| Текст примечания | Библиогр.: с. 123-126 |
| 606 1# - НАИМЕНОВАНИЕ ТЕМЫ КАК ПРЕДМЕТ | |
| Наименование темы | Спортивный резерв |
| Формальный подзаголовок | Методические пособия |
| Тематический подзаголовок | Подготовка |
| -- | Научно-методическое обеспечение |
| Системный номер авторитетной/нормативной записи | 2400701 |
| Идентификатор авторитетной/нормативной записи | RU\NLR\AUTH\6601650826 |
| 606 1# - НАИМЕНОВАНИЕ ТЕМЫ КАК ПРЕДМЕТ | |
| Наименование темы | Спортивный резерв |
| Формальный подзаголовок | Методические пособия |
| Тематический подзаголовок | Подготовка |
| Географический подзаголовок | Российская Федерация |
| Системный номер авторитетной/нормативной записи | 2400695 |
| Идентификатор авторитетной/нормативной записи | RU\NLR\AUTH\6601650824 |
| 686 1# - ИНДЕКСЫ ДРУГИХ КЛАССИФИКАЦИЙ | |
| Индекс | Ч511.53е.я8 |
| 700 #1 - ИМЯ ЛИЦА - ПЕРВИЧНАЯ ОТВЕТСТВЕННОСТЬ | |
| Начальный элемент ввода | Чесноков |
| Часть имени, кроме начального элемента ввода | Н. Н. |
| Дополнения к именам, кроме дат | д-р пед. наук |
| Даты | 1957- |
| Расширение инициалов личного имени | Николай Николаевич |
| Системный номер авторитетной/нормативной записи | 127100 |
| Идентификатор авторитетной/нормативной записи | RU\NLR\AUTH\770127124 |
| 701 #1 - ИМЯ ЛИЦА - АЛЬТЕРНАТИВНАЯ ОТВЕТСТВЕННОСТЬ | |
| Графика поля | Кириллица |
| Материалы, к которым относится поле | rus |
| Начальный элемент ввода | Морозов |
| Часть имени, кроме начального элемента ввода | А. П. |
| Дополнения к именам, кроме дат | канд. пед. наук |
| Расширение инициалов личного имени | Антон Павлович |
| Системный номер авторитетной/нормативной записи | 198827 |
| Идентификатор авторитетной/нормативной записи | RU\NLR\AUTH\770198878 |
| 942 ## - ДОПОЛНИТЕЛЬНЫЕ ЭЛЕМЕНТЫ ЗАПИСИ (АБИС) | |
| Тип экземпляра АБИС | Книга |
| 980 ## - КОЛЛЕКЦИЯ | |
| Название коллекции | НБР |
| 980 ## - КОЛЛЕКЦИЯ | |
| Название коллекции | Национальная библиография |
Нет доступных экземпляров.